| 000 | 00643nam a22001817a 4500 | ||
|---|---|---|---|
| 003 | CEME | ||
| 005 | 20210628203132.0 | ||
| 008 | 210120b xxu||||| |||| 00| 0 eng d | ||
| 020 | _a0-13-011898-2 | ||
| 040 | _cceme | ||
| 082 | _a005.8 DOR-P | ||
| 100 |
_aDorawamy , Naganand, Harkins , Dan _963532 |
||
| 245 | _aIp sec, the new security standard for the internet, intranets, and virtual private networks | ||
| 260 |
_aNEW JERSEY _bPRENTICE HALL _c1999 |
||
| 300 | _aXIV,223P | ||
| 650 |
_aIP SEC-COMPUTER NETWORK PROTOCOL.IPSEC.INTERNET-SECURITY MEASURES.INTRANETS-SECURITY MEASURES.EXTRANETS-SECURITY MEASURES _963533 |
||
| 942 |
_cBK _2ddc |
||
| 999 |
_c572324 _d572324 |
||